First interim report on rationalism and simplication of direct taxation laws (Record no. 500431)

000 -LEADER
fixed length control field 00360cam a22001097a 4500
008 - FIXED-LENGTH DATA ELEMENTS--GENERAL INFORMATION
fixed length control field 180718b1967 xxu||||| |||| 00| 0 eng d
082 ## - DEWEY DECIMAL CLASSIFICATION NUMBER
Classification number L203x54 In2int/1
100 ## - MAIN ENTRY--PERSONAL NAME
Personal name Bhoothalingam, S.
245 ## - TITLE STATEMENT
Title First interim report on rationalism and simplication of direct taxation laws
Statement of responsibility, etc. by S. Bhoothalingam
260 ## - PUBLICATION, DISTRIBUTION, ETC.
Place of publication, distribution, etc. Delhi
Name of publisher, distributor, etc. Ministry of Finance
Date of publication, distribution, etc. 1967
300 ## - PHYSICAL DESCRIPTION
Extent 31p.
Holdings
Withdrawn status Lost status Damaged status Not for loan Permanent Location Current Location Date acquired Full call number Barcode Date last seen Price effective from Koha item type
        Indian Institute of Public Administration Indian Institute of Public Administration 2018-08-04 L203x54 In2int/1 GG17978 2018-08-04 2018-08-04 GG
        Indian Institute of Public Administration Indian Institute of Public Administration 2018-08-04 L203x54 In2int/1 GG6594 2018-08-04 2018-08-04 GG

Powered by Koha